Genius Level General Knowledge - Multiple Choice - Statistics

General Stats
  • This quiz has been taken 98 times
    97 since last reset
  • The average score is 5 of 10
Answer Stats
Question Answer % Correct
Who was born as Mustafa Kamal? Atatürk
67%
Which of these civilisations was located in and around the Yucatan Peninsula? Maya
67%
What novel was published in Italy in 1957 after being smuggled out of the Soviet Union? Doctor Zhivago
59%
What are protons and neurons made up of? Quarks
58%
Where would you find a pub named "The Eagle and Child", a regular haunt of authors J.R.R. Tolkien and C.S. Lewis? Oxford
56%
What colour of star is the hottest on average? Blue
55%
Where did the SS Edmund Fitzgerald sink in 1975 with all hands lost? Lake Superior
53%
Of all people, living and dead, who has won the most Oscars (22)? Walt Disney
47%
Who was the last king of Rome? Tarquinus Superbus
40%
The oldest known remains of a Homo sapiens are 315,000 years old. Where were they discovered? Morocco
38%
No matching quizzes found
Score Distribution
Percent of People with Each Score
Percentile by Number Answered
Your Score History
You have not taken this quiz since the last reset